Football Rondo #1 - Statistics

General Stats
  • This quiz has been taken 748 times
  • The average score is 11 of 26
Answer Stats
Hint Answer % Correct
D - Country of Pierre-Emile Højbjerg Denmark
85%
A - Austrian striker who plays in Italy Marko Arnautović
76%
M - City in which Jordi Alba plays Miami
67%
F - Country that beat England in the 2024 UEFA Nations League B Finland
66%
O - Brazilian who played for Shanghai Port Oscar
63%
J - Country that Antonio refused to play for due to issues with financial compensation Jamaica
60%
I - Full Name: Brother and teammate of Euro 24 winning winger Iñaki Williams
57%
V - All-time top scorer for Ecuador who shares a name with a Spanish club Enner Valencia
56%
B - Country who's current league champion is Al-Khaldiya Bahrain
54%
R - Left back with the fourth most caps of any Brazilian Roberto Carlos
54%
U - One of three countries that will host AFCON 2027 Uganda
54%
Y - Russian goalkeeper called "the black spider" Lev Yashin
53%
T - Club where Jermain Dafoe is the 7th all-time top scorer Tottenham Hotspur
47%
L - Club that has won a record 15 polish league titles Legia Warszawa
42%
G - Retired attacking midfielder who played for Real Madrid and Beşiktaş Guti
39%
W - Club who were shock winners of the 2012-2013 FA Cup Wigan Athletic
39%
E - African country that withdrew from 2026 world cup qualifications in fear that players would defect to other countries Eritrea
38%
N - Club that finished last in the 23-24 UEFA Champions League "group of death" Newcastle United
34%
Z - Atalanta full back who won the Europa League with Chelsea Davide Zappacosta
32%
K - In Native Language: Club that beat Manchester United 4-3 in the group stage of the 23-24 UEFA Champions League København
31%
H - UEFA Champions League winning striker who wears number 29 Kai Havertz
23%
S - Country in which Ivan Rakitić was born Switzerland
23%
Q - Club Javi Martínez currently plays for Qatar SC
22%
X - Full Name: Only player to have scored in the Euro while playing for an MLS club Xherdan Shaqiri
12%
P - Former Salvadoran international who shares a name with the 49ers starting quarterback Steve Purdy
9%
C - Heidenheim striker who's 67 rated card on EAFC25 has 93 pace Sirlord Conteh
7%
No matching quizzes found
Score Distribution
Percent of People with Each Score
Percentile by Number Answered
Your Score History
You have not taken this quiz